| 000 | 00517nam a22001937a 4500 | ||
|---|---|---|---|
| 003 | MPLRDC | ||
| 005 | 20220104184730.0 | ||
| 008 | 210129b ||||| |||| 00| 0 eng d | ||
| 020 | _a957-13-5095-0 | ||
| 082 | _a861.57 TGZ | ||
| 100 | _a藤谷治 | ||
| 245 |
_a行板. 莫扎瑞拉起司 _c陈宝莲 译 |
||
| 250 | _a初版一刷 | ||
| 260 |
_a台湾 _b时报文化出版企业股份有限公司 _c2009 |
||
| 300 | _b平 | ||
| 490 | _aLOVECITY. 021 | ||
| 650 | _a日本现代小说 | ||
| 942 |
_cBK _o861.57 TGZ |
||
| 999 |
_c63007 _d62997 |
||